Discographie de Justice - Statistiques

Statistiques générales
  • Ce quiz a été pris 66 fois
    57 depuis la dernière actualisation
  • Le résultat moyen est 51 sur 93
Statistiques - réponses
Album Titre % Correct
† (Cross) D.A.N.C.E.
97%
A Cross the Universe D.A.N.C.E.
97%
Access All Arenas D.A.N.C.E.
97%
Woman Worldwide D.A.N.C.E.
97%
† (Cross) Genesis
91%
A Cross the Universe Genesis
91%
Access All Arenas Genesis
91%
† (Cross) Phantom
91%
Access All Arenas Phantom
91%
A Cross the Universe Phantom P† I
91%
A Cross the Universe Phantom P† II
88%
† (Cross) Phantom Pt. II
88%
Access All Arenas Phantom Pt. II
88%
† (Cross) Stress
88%
Access All Arenas Stress
88%
Woman Worldwide Stress
88%
Hyperdrama Neverender
84%
Audio, Video, Disco Audio, Video, Disco
81%
Access All Arenas Audio, Video, Disco
81%
Woman Worldwide Audio, Video, Disco
81%
Hyperdrama Generator
81%
Woman Fire
75%
Hyperdrama One Night/All Night
75%
† (Cross) Waters of Nazareth
75%
A Cross the Universe Waters of Nazareth
75%
Access All Arenas Waters of Nazareth
75%
Hyperdrama Afterimage
72%
Audio, Video, Disco Civilization
72%
Access All Arenas Civilization
72%
Woman Safe and Sound
72%
Woman Worldwide Safe and Sound
72%
Hyperdrama The End
72%
† (Cross) DVNO
69%
Woman Randy
66%
Woman Worldwide Randy
66%
† (Cross) Tthhee Ppaarrttyy
66%
A Cross the Universe Tthhee Ppaarrttyy
66%
† (Cross) Valentine
66%
Woman Alakazam !
63%
Hyperdrama Dear Alan
63%
Woman Love S.O.S.
59%
Woman Worldwide Love S.O.S.
59%
Hyperdrama Mannequin Love
59%
Audio, Video, Disco New Lands
59%
Access All Arenas New Lands
59%
† (Cross) Let There Be Light
56%
Hyperdrama Moonlight Rendez-vous
56%
† (Cross) Newjack
56%
Audio, Video, Disco Planisphère
56%
Audio, Video, Disco Canon
53%
Access All Arenas Canon
53%
Woman Heavy Metal
53%
Hyperdrama Saturnine
53%
Hyperdrama Incognito
50%
Woman Chorus
47%
Woman Worldwide Chorus
47%
Audio, Video, Disco Horsepower
47%
Access All Arenas Horsepower
47%
Woman Stop
47%
Woman Worldwide Stop
47%
Audio, Video, Disco Helix
44%
Access All Arenas Helix
44%
Woman Pleasure
44%
Audio, Video, Disco Brianvision
41%
Hyperdrama Explorer
41%
Hyperdrama Muscle Memory
41%
† (Cross) One Minute to Midnight
41%
Audio, Video, Disco Canon (Primo)
38%
Audio, Video, Disco Ohio
38%
Audio, Video, Disco On'n'On
38%
Access All Arenas On'n'On
38%
A Cross the Universe Intro
31%
Audio, Video, Disco Parade
31%
Woman Close Call
28%
Hyperdrama Harpy dream
28%
Woman Worldwide {Alakazam !} X {Fire}
25%
Woman Worldwide {Genesis} X {Phantom}
25%
Audio, Video, Disco Presence
25%
A Cross the Universe Encore
19%
Access All Arenas Encore
19%
A Cross the Universe Phantom P† I.5
19%
Woman Worldwide {Canon} X {Love S.O.S.}
16%
Woman Worldwide {D.A.N.C.E.} X {Fire} X {Safe and Sound}
16%
Woman Worldwide {Heavy Metal} X {DVNO}
16%
A Cross the Universe Let There Be Lite
16%
A Cross the Universe Final
13%
A Cross the Universe NY Excuse
13%
Woman Worldwide {Pleasure} X {Newjack} X {Civilization}
13%
A Cross the Universe Two Minutes to Midnight
13%
A Cross the Universe D.A.N.C.E P† II
9%
A Cross the Universe Waters of Nazareth (Prelude)
9%
Woman Worldwide {Waters of Nazareth} X {We Are Your Friends} X {Phantom 2}
9%
A Cross the Universe We Are Your Friends (Reprise)
6%
Aucun quiz correspondant
Distribution des résultats
% des personnes avec chaque résultat
Percentile par nombre de réponses
Votre historique - résultats
Vous n’avez pas pris ce quiz depuis la dernière actualisation